Spanning Washington : historic highway bridges of the Evergreen State /

Bibliographic Details
Main Author: Holstine, Craig E.
Other Authors: Hobbs, Richard, 1947-
Format: Book
Language:English
Published: Pullman : Washington State University Press, [2005]
Subjects:
Online Access:Table of contents

MARC

Tag First Indicator Second Indicator Subfields
LEADER 00000pam a22000004a 4500
001 in00002068521
005 20151102051518.0
008 050225s2005 waua b 001 0 eng
010 |a  2005005574 
020 |a 0874222818 (alk. paper) 
035 |a (OCoLC)ocm58043209 
040 |a DLC  |c DLC  |d UtOrBLW 
042 |a pcc 
043 |a n-us-wa 
049 |a TXAM 
050 0 0 |a TG24.W3  |b H65 2005 
082 0 0 |a 624.2/09797  |2 22 
100 1 |a Holstine, Craig E. 
245 1 0 |a Spanning Washington :  |b historic highway bridges of the Evergreen State /  |c Craig Holstine and Richard Hobbs ; afterword by Eric DeLony. 
264 1 |a Pullman :  |b Washington State University Press,  |c [2005] 
264 4 |c ©2005 
300 |a xii, 268 pages :  |b illustrations ;  |c 23 x 27 cm. 
336 |a text  |b txt  |2 rdacontent 
337 |a unmediated  |b n  |2 rdamedia 
338 |a volume  |b nc  |2 rdacarrier 
504 |a Includes bibliographical references and index. 
650 0 |a Bridges  |z Washington (State)  |x History. 
700 1 |a Hobbs, Richard,  |d 1947- 
856 4 1 |3 Table of contents  |u http://www.loc.gov/catdir/toc/ecip058/2005005574.html  |t 0 
945 |i PromptCat 
947 |a A14832670367 
948 |a cataloged  |b h  |c 2005/8/17  |d c  |e dmitchel  |f 2:34:28 pm 
994 |a 92  |b TXA 
999 |a MARS 
999 f f |s c72b78e2-2b39-3570-994a-595eca266a74  |i a9027422-ef61-3aff-8efd-90441f0e1492  |t 0 
952 f f |p ric  |a Texas A&M University  |b Rellis Campus  |c Joint Library Facility  |d Remote Storage  |t 0  |e TG24.W3 H65 2005  |h Library of Congress classification  |i unmediated -- volume  |m A14832670367 
998 f f |a TG24.W3 H65 2005  |t 0  |l Remote Storage